| 000 | 00423nam a2200193Ia 4500 | ||
|---|---|---|---|
| 005 | 20250603145214.0 | ||
| 008 | 250603s9999 xx 000 0 und d | ||
| 020 | _a9780077261450 | ||
| 050 | _aHG 4521 .B564/ | ||
| 100 | _aBodie, Zvi | ||
| 245 | 0 | _aInvestments | |
| 250 | _a8th ed. | ||
| 260 | _aNew York | ||
| 260 | _bMcGraw-Hall Irwin | ||
| 260 | _c2009 | ||
| 300 | _a978 p | ||
| 650 | _aNew York | ||
| 942 | _cBK | ||
| 999 |
_c41182 _d41182 |
||